| 000 | 02930nam a2200325 a 4500 | ||
|---|---|---|---|
| 003 | OSt | ||
| 005 | 20250805143646.0 | ||
| 007 | cr ||||||a|a|a | ||
| 008 | 250627s2025 mx a|||fom||| 001 0 spa d | ||
| 040 | _erda | ||
| 100 | 1 |
_aGarcía Toscano, Erick Enrique _9190526 |
|
| 245 | 1 | 0 |
_aRespuestas fisiológicas iniciales de portainjertos clonales de aguacate a Cylindrocarpon sp. / _cpor Erick Enrique García Toscano; director de tesis Alejandro Facundo Barrientos Priego; secretario Erik Acuayte Valdes; vocal Mercedes Martínez Villagómez; suplente Claudia Reyes Quiroz; suplente Juán Ayala Arreola. |
| 264 | 1 |
_aChapingo, México : _bEl autor, _c2024. |
|
| 300 |
_a1 recurso en línea (104 páginas): _bcuadros, figuras. |
||
| 336 |
_2rdacontent _atexto _btxt |
||
| 337 |
_2rdamedia _acomputadora _bc |
||
| 338 |
_2rdacarrier _arecurso en línea _bcr |
||
| 502 |
_bIAEF _cFitotecnia _d2024. _gLIC |
||
| 504 | _aIncluye referencias bibliográficas: páginas 75-90. | ||
| 520 | _aSe evaluaron las respuestas fisiológicas de portainjertos clonales de aguacate infectados por Cylindrocarpon sp. El estudio se enfocó en variables relacionadas con la asimilación de carbono, eficiencia en el uso del agua, regulación térmica y pigmentación foliar, utilizando un diseño experimental completamente al azar con cinco genotipos de portainjertos. Los resultados mostraron que la infección afecta significativamente las variables fisiológicas, como la asimilación de CO2 (A), conductancia estomática (g), transpiración (E), concentración interna de CO2 (Ci), flujo de carbono asimilado (C), eficiencia en el uso de agua (E·g -1), eficiencia de asimilación de CO2 (E·Ci -1 y g·Ci -1) y eficiencia de carboxilación instantanea de la RuBisCo (A·Ci -1). El portainjerto 'Duke 7', presentó mayor tolerancia a la infección, reflejada en una mejor regulación estomática y capacidad para mantener la eficiencia en la asimilación de carbono y el uso del agua. En contraste, ‘Borchard’ presentó las respuestas fisiológicas más desfavorables, mientras que ‘Thomas’, ‘Zutano’ y ‘Day’ mostraron respuestas intermedias. Estos hallazgos sugieren que ‘Duke 7’ posee cualidades que lo posicionan como un portainjerto prometedor para ser utilizado en sistemas de producción en condiciones de alto estrés patogénico por Cylindrocarpon sp. | ||
| 650 | 4 |
_aHongos fitopatógenos _xIdentificación _9131720 |
|
| 650 | 4 |
_aAguacate _xEnfermedades por hongos _92511 |
|
| 700 | 1 |
_aBarrientos Priego, Alejandro Facundo _9190728 |
|
| 700 | 1 |
_aAcuayte Valdes, Erik _9751 _esecretario. |
|
| 700 | 1 |
_aMartínez Villagómez, Mercedes _9127511 _evocal. |
|
| 700 | 1 |
_aReyes Quiroz, Claudia _9132439 _esuplente. |
|
| 700 | 1 |
_aAyala Arreola, Juan _esuplente. _98915 |
|
| 856 |
_uhttp://10.13.5.2/tesis/tl/1810902-7_GARCIA_TOSCANO_ERICKENRIQUE.pdf _zDESCARGAR PDF |
||
| 942 |
_2Clasificación Universidad Autónoma Chapingo _cTD |
||
| 999 |
_c220702 _d220702 |
||